Największe miasta Albanii - Statystyki

Ogólne statystyki
  • Ten quiz został rozwiązany 7 razy
  • Średni wynik to 4 z 10
Statystyki odpowiedzi
Populacja Miasta % Poprawnych
389,323 Tirana
100%
101,728 Durres
67%
61,633 Szkodra
67%
66,834 Elbasan
33%
52,926 Fier
33%
43,254 Korcza
33%
66,320 Wlora
33%
61,739 Kamza
17%
40,665 Berat
0%
26,036 Lushnja
0%
Nie znaleziono quizów pasujących do podanych kryteriów
Rozkład punktacji
Procent ludzi z każdym wynikiem
Percentyl według liczby udzielonych odpowiedzi
Twoja historia wyników
Nie rozwiązałeś tego quizu